| 000 | 00881cam a2200265 i 4500 | ||
|---|---|---|---|
| 001 | 123049 | ||
| 005 | 20230404125641.0 | ||
| 008 | 160830s2007 mx r 000 0 spa d | ||
| 020 | _a9781921235306 | ||
| 020 | _a1921235306 | ||
| 041 | 0 | _aspa | |
| 050 | 1 | 4 | _aCD F |
| 100 | 1 |
_aGuevara, Ernesto, _d1928-1967. |
|
| 245 | 1 | 0 |
_aDiscurso a los estudiantes de medicina y trabajadores de la salud / _cErnesto Che Guevara. |
| 260 |
_aMéxico, D.F. : _bOcean Sur, _c2007 |
||
| 300 |
_a15 p. ; _c22 cm. |
||
| 440 | 0 | _aColección Lecturas para la reflexión. Ernesto Che Guevara | |
| 600 | 1 | 4 |
_aGuevara, Che, _d1928-1967 _xPensamiento político y social. |
| 650 | 4 |
_aEtica médica _zCuba. |
|
| 600 | 1 | 0 |
_aGuevara, Che, _d1928-1967 _xPolitical and social views. |
| 650 | 0 |
_aMedical ethics _zCuba. |
|
| 650 | 0 |
_aPhysicians _xProfessional ethics _zCuba. |
|
| 942 |
_2lcc _ccd |
||
| 946 | _aJaaM | ||
| 999 |
_c1874 _d1874 |
||